Statistiken für Team Liquid Valorant Spieler

Klicken Sie hier um das Quiz zu spielen!

Allgemein

  • Dieses Quiz wurde 57 mal gespielt
  • Das Durchschnittsergebnis liegt bei 7 aus 12

Antwortstatistiken

Antwort% Korrekt
harmii
87%
jamppi
87%
nats
79%
scream
77%
redgar
64%
sayf
64%
soulcas
58%
nivera
53%
dimasick
40%
link
38%
Kryptix
11%
dreamas
9%

Verteilung der Resultate

Perzentil nach korrekt beantworteten Fragen

Anzahl Personen mit jedem Resultat

Ihre Resultats-Entwicklung

Sie haben dieses Quiz noch nicht gespielt